000 00514nam a2200169Ia 4500
003 GCL
008 140319s9999 xx 000 0 ara d
040 _aGCL /
_cGCL
082 0 4 _a814
_bم ص
100 1 _aميخائيل نعيمة
245 1 0 _aصوت العالم ومقالات اخرى /
_cميخائيل نعيمة
300 _a198 ص
490 _aالهيئة العامة للاستعلامات
_v0
650 0 4 _aالادب العربى
650 0 4 _aالمقالات العربية
942 _2ddc
_cBK
999 _c47061
_d47061